Riziká týkajúce sa bezpečnosti a ochrany zdravia pri práci a hodnotenie rizík v čistiarni odpadových vôd
Na minha lista:
| Autor principal: | |
|---|---|
| Outros Autores: | |
| Formato: | Manuscrito Livro |
| Idioma: | eslovaco |
| Publicado em: |
2025
|
| Assuntos: | |
| Acesso em linha: | http://is.stuba.sk/zp/portal_zp.pl?podrobnosti=186069 |
| Tags: |
Sem tags, seja o primeiro a adicionar uma tag!
|
MARC
| LEADER | 00000ntm a22000003a 4500 | ||
|---|---|---|---|
| 001 | stuzp99222 | ||
| 003 | SK-STU | ||
| 005 | 20250628210500.5 | ||
| 007 | ta | ||
| 008 | 150427s2015----xo-----f-mn---000-0-slo-d | ||
| 040 | |a STU |b slo | ||
| 041 | 0 | |a slo | |
| 100 | 1 | |a Ščury, Matej |u 065000 |4 aut |U MTF Materiálovotechnologická fakulta |T MTF Ústav integrovanej bezpečnosti |X 116440 |U M5000 |Y 85 |7 116440 | |
| 242 | 0 | 1 | |a Occupational health and safety risks and risk assessment in a wastewater treatment plant |y eng |
| 245 | 1 | 0 | |a Riziká týkajúce sa bezpečnosti a ochrany zdravia pri práci a hodnotenie rizík v čistiarni odpadových vôd |
| 260 | |c 2025 | ||
| 650 | 4 | |a čistička odpadových vôd |2 slo | |
| 650 | 4 | |a jednoduchá bodová metóda |2 slo | |
| 650 | 4 | |a nebezpečenstvo |2 slo | |
| 650 | 4 | |a riziko |2 slo | |
| 650 | 4 | |a bezpečnosť a ochrana zdravia pri práci |2 slo | |
| 650 | 4 | |a sewage treatment plant |2 eng | |
| 650 | 4 | |a hazard |2 eng | |
| 650 | 4 | |a occupational health and safety |2 eng | |
| 650 | 4 | |a danger |2 eng | |
| 650 | 4 | |a simple point method |2 eng | |
| 700 | 1 | |a Kopúnek, Juraj |4 ths |X 112312 |7 112312 | |
| 856 | 4 | |u http://is.stuba.sk/zp/portal_zp.pl?podrobnosti=186069 | |
| 996 | |c M* BP-10025 |l MMSKP |s P |a 0 |w stuzp99222_0001 | ||